Author & Character Matchmaker II Quiz Stats

Quiz Updated Sep 29, 2014

Challenge
Share
Tweet
Embed
Score 0/36 Timer 07:00
2 Plays Today
% Correct
J.K. Rowling
95.3%
Dr. Seuss
93.4%
Charles Dickens
91.5%
William Shakespeare
91.3%
F. Scott Fitzgerald
90.4%
Mary Shelley
89.5%
Harper Lee
78.9%
Robert Louis Stevenson
77%
J.M. Barrie
76.1%
Jane Austen
74%
Charlotte Brontë
73.2%
Margaret Mitchell
72.9%
John Steinbeck
68.2%
William Golding
65.2%
Truman Capote
58.4%
Boris Pasternak
54.4%
Gabriel Garcia Marquez
52.7%
Joseph Heller
50.6%
% Correct
Virginia Woolf
49.4%
Vladimir Nabokov
49.1%
Joseph Conrad
45.7%
Raymond Chandler
44.7%
P.G. Wodehouse
44.2%
Franz Kafka
43.9%
John Irving
42.6%
John le Carré
39.7%
John Updike
39.6%
James Joyce
37.5%
Albert Camus
36.2%
Alice Walker
35.4%
John Kennedy Toole
32.3%
Jack Kerouac
30.3%
Muriel Spark
29.5%
Rudyard Kipling
27.6%
Evelyn Waugh
23.8%
Saul Bellow
23.6%

You're not logged in!

Compare scores with friends on all Sporcle quizzes.
Join for Free
OR
Log In

You Might Also Like...

Show Comments

Extras

Top Quizzes Today


Score Distribution

Your Account Isn't Verified!

In order to create a playlist on Sporcle, you need to verify the email address you used during registration. Go to your Sporcle Settings to finish the process.

Report this User

Report this user for behavior that violates our Community Guidelines.

Details: